Hoy como ayer (Record no. 10121)
[ view plain ]
| 000 -CABECERA | |
|---|---|
| campo de control de longitud fija | 01150nam a2200277 a 4500 |
| 001 - NÚMERO DE CONTROL | |
| campo de control | BRL_1309 |
| 005 - FECHA Y HORA DE LA ÚLTIMA TRANSACCIÓN | |
| campo de control | 20190320211136.0 |
| 008 - DATOS DE LONGITUD FIJA--INFORMACIÓN GENERAL | |
| campo de control de longitud fija | 060114s1984----mx-o######---#000-0#spa-# |
| 020 ## - NÚMERO INTERNACIONAL ESTÁNDAR DEL LIBRO | |
| Número Internacional Estándar del Libro | 968290191X |
| 041 ## - CÓDIGO DE LENGUA | |
| Código de lengua del texto/banda sonora o título independiente | spa |
| 044 ## - CÓDIGO DEL PAÍS DE LA ENTIDAD EDITORA/PRODUCTORA | |
| Código MARC del país | mx |
| 050 #4 - SIGNATURA TOPOGRÁFICA DE LA BIBLIOTECA DEL CONGRESO | |
| Número de clasificación | F1209 |
| Número de documento/Ítem | .H69 1984 |
| 245 10 - MENCIÓN DE TÍTULO | |
| Título | Hoy como ayer |
| Resto del título | indumentaria y peinado indígena en México |
| Mención de responsabilidad, etc. | presentación Juan José Bremer Martino, Leonel Durán Solís ; fotografías Ruth Lechuga. |
| 260 ## - PUBLICACIÓN, DISTRIBUCIÓN, ETC. | |
| Lugar de publicación, distribución, etc. | México |
| Nombre del editor, distribuidor, etc. | INAH : SEP, Secretaría de Cultura : INI : FONART |
| Fecha de publicación, distribución, etc. | 1984 |
| 300 ## - DESCRIPCIÓN FÍSICA | |
| Extensión | [14] p. |
| Otras características físicas | il., 44 láminas |
| Dimensiones | 27 cm. |
| 500 ## - NOTA GENERAL | |
| Nota general | Au1545 |
| 500 ## - NOTA GENERAL | |
| Nota general | 1984, Tijuana, B.C. / Mayo-Junio : Méxicali, B.C / Septiembre- Octubre : Cd., Juárez, Chih. / Diciembre- Enero 1985 : Saltillo, Coah. / Marzo-Abril : Matamoros, Tamps. / Junio-Julio |
| 504 ## - NOTA DE BIBLIOGRAFÍA, ETC. | |
| Nota de bibliografía, etc. | Incluye bibliografía |
| 650 14 - PUNTO DE ACCESO ADICIONAL DE MATERIA--TÉRMINO DE MATERIA | |
| Término de materia o nombre geográfico como elemento de entrada | Indígenas de México |
| Subdivisión de forma | Exposiciones |
| Subdivisión general | Indumentaria |
| 9 (RLIN) | 26459 |
| 650 14 - PUNTO DE ACCESO ADICIONAL DE MATERIA--TÉRMINO DE MATERIA | |
| Término de materia o nombre geográfico como elemento de entrada | Indígenas de México |
| Subdivisión de forma | Exposiciones |
| Subdivisión general | Peinado |
| 9 (RLIN) | 26460 |
| 700 1# - PUNTO DE ACCESO ADICIONAL--NOMBRE DE PERSONA | |
| Nombre de persona | Bremer Martino, Juan José |
| 9 (RLIN) | 26461 |
| 700 1# - PUNTO DE ACCESO ADICIONAL--NOMBRE DE PERSONA | |
| Nombre de persona | Durán Solís, Leonel |
| 9 (RLIN) | 26462 |
| 700 1# - PUNTO DE ACCESO ADICIONAL--NOMBRE DE PERSONA | |
| Nombre de persona | Lechuga, Ruth D. |
| Fechas asociadas al nombre | 1920-2004 |
| Término indicativo de función/relación | il. |
| 9 (RLIN) | 2443 |
| 902 ## - CATALOGADOR | |
| Iniciales | GRL |
| 942 ## - ELEMENTOS DE PUNTO DE ACCESO ADICIONAL (KOHA) | |
| Fuente del sistema de clasificación o colocación | Library of Congress Classification |
| Tipo de ítem Koha | Libros |
| Estado de retiro | Estado de pérdida | Estado dañado | No para préstamo | Localización permanente | Ubicación/localización actual | Fecha de adquisición | Número de inventario | Total de préstamos | Signatura topográfica completa | Código de barras | Fecha visto por última vez | Precio válido a partir de | Tipo de ítem Koha |
|---|---|---|---|---|---|---|---|---|---|---|---|---|---|
| El ejemplar forma parte de la colección y puede ser consultado según las políticas vigentes. | Biblioteca Centro de Estudios Ruth D. Lechuga | Biblioteca Centro de Estudios Ruth D. Lechuga | 06/01/2014 | Au1545 | F1209 .H69 1984 (Au1545) | GRL01470 | 22/03/2019 | 22/03/2019 | Libros |